000 00526cam a2200193 i 4500
020 _a0721678394
040 _cDLC
082 0 0 _a338 SAU 1975 A065 Or.
100 1 _aRumsey, Fay,
245 1 0 _aSocial sciences in forestry :
_ba book of readings /
260 _aPhiladelphia :
_bSaunders,
_c1975.
300 _aix, 409 p. :
_bill. ;
_c25 cm.
650 0 _aForests and forestry
650 0 _aLumber trade
650 0 _aForest products industry
650 0 _aForest management.
700 1 _aDuerr, William A.
942 _cEK
999 _c14282
_d14282